OECD Economic Surveys: Australia 2018 December 2018

Salvato in:
Dettagli Bibliografici
Natura: Libro
Lingua:inglese
Pubblicazione: Paris OECD 2018
Serie:OECD Economic Surveys
Soggetti:
Tags: Aggiungi Tag
Nessun Tag, puoi essere il primo ad aggiungerne!!

MARC

LEADER 00000nam a2200000 4500
001 0254520
005 20221220065718.6
020 |a 978-92-64-30858-9 
041 0 |a eng 
044 |a FR 
245 1 0 |a OECD Economic Surveys: Australia 2018  |b December 2018 
264 1 |a Paris  |b OECD  |c 2018 
300 |a 123 s. 
490 1 |a OECD Economic Surveys 
830 0 |a OECD Economic Surveys 
610 2 0 |a rast hospodársky 
610 2 0 |a politika menová 
610 2 0 |a bývanie 
610 2 0 |a trh finančný 
610 2 0 |a politika fiškálna 
610 2 0 |a zručnosti 
610 2 0 |a globalizácia 
610 2 0 |a zmeny technologické 
610 2 0 |a porovnanie štatistické medzinárodné 
610 2 0 |a Austrália